| 000 | 00569cam a22002051 4500 | ||
|---|---|---|---|
| 001 | med47000211 | ||
| 003 | DLC | ||
| 005 | 20260227111558.0 | ||
| 008 | 800531m19399999gw ac 000 0 ger c | ||
| 010 | _amed47000211 | ||
| 035 | _a(OCoLC)6375517 | ||
| 040 |
_aU.S. Army medical libr. _cTxCM _dDLC |
||
| 042 | _apremarc | ||
| 050 | 0 | 0 |
_aQH308.5 _b.G66 |
| 100 | 1 |
_aGraf, Jakob, _d1891- |
|
| 245 | 1 | 0 | _aBiologie für Oberschule und Gymnasium ... |
| 260 |
_aMünchen [etc.] _bLehmann, _c1939- |
||
| 300 |
_a v. _billus. (part col.) ports. _c22 cm. |
||
| 650 | 0 | _aBiology. | |
| 999 |
_c37999 _d37999 |
||